| 000 | 01031nam a22002657a 4500 | ||
|---|---|---|---|
| 001 | BD-DhSAU 9278 | ||
| 003 | BD-DhSAU | ||
| 005 | 20260512115032.0 | ||
| 008 | 260512b2018 bg a|||| m||| 00| 0 eng d | ||
| 040 | _aBD-DhSAU | ||
| 082 |
_222 _a631.4 _bsh614 |
||
| 100 |
_aADNAN, SHIFAIN ISLAM _eRegistration # 22010005 |
||
| 245 |
_aEffect of organic and inorganic fertilizer on the
growth and yield of mungbean (bari mung 8) /
_bMS thesis |
||
| 260 |
_aSher-e-Bangla Agricultural University; _bDepartment of Soil Science, ; _c2024. |
||
| 300 |
_axi, 77p. : _bill. ; _c30 cm. |
||
| 500 | _aMS thesis of Department of Soil Science, ;, Faculty of Agriculture. Sher-e-Balgla Agricultural University Dhaka-1207 | ||
| 504 | _aIncludes bibliographical reference. | ||
| 590 | _aNazmul | ||
| 650 | _aorganic and inorganic fertilizer | ||
| 650 | _amungbean (bari mung 8) | ||
| 700 |
_aProf. Dr. Md. Saiful Islam Bhuiyan _eSuperviser |
||
| 710 |
_eCo-Superviser _aProf. Mst. Afrose Jahan |
||
| 942 |
_2ddc _cTHESIS |
||
| 999 |
_c18383 _d18382 |
||